[Event "Moscow Open F 2013"]
[Site "Moscow RUS"]
[Date "2013.02.03"]
[Round "1.3"]
[White "Mozharov, Mikhail"]
[Black "Stukopin, Andrey"]
[Result "1/2-1/2"]
[WhiteTitle "IM"]
[BlackTitle "IM"]
[WhiteElo "2510"]
[BlackElo "2495"]
[WhiteFideId "4189825"]
[BlackFideId "24107131"]
[EventDate "2013.02.02"]

1. Nf3 Nf6 2. g3 g6 3. Bg2 Bg7 4. O-O O-O 5. d4 d5 6. c4 c6 7. cxd5 cxd5 8. Ne5
e6 9. Nc3 Nfd7 10. Nf3 Nc6 11. Bf4 Nf6 12. Ne5 Nxe5 13. Bxe5 Bd7 14. Qb3 Qb6 15.
Qxb6 axb6 16. Rfc1 Rfc8 17. e3 Ne8 18. Bxg7 Kxg7 19. Bf1 Nd6 1/2-1/2

[Event "Moscow Open F 2013"]
[Site "Moscow RUS"]
[Date "2013.02.03"]
[Round "1.5"]
[White "Belous, Vladimir"]
[Black "Sethuraman, S.P."]
[Result "1-0"]
[WhiteTitle "IM"]
[BlackTitle "GM"]
[WhiteElo "2553"]
[BlackElo "2538"]
[WhiteFideId "4174003"]
[BlackFideId "5021596"]
[EventDate "2013.02.02"]

1. d4 d5 2. c4 c6 3. Nf3 Nf6 4. e3 g6 5. Nc3 Bg7 6. h3 O-O 7. Bd3 c5 8. O-O cxd4
9. exd4 Nc6 10. Re1 dxc4 11. Bxc4 Na5 12. Bd3 Nc6 13. Bc4 Na5 14. Bf1 b6 15. Ne5
Bb7 16. Bg5 a6 17. Qd3 b5 18. Rad1 Rc8 19. a3 Qd6 20. Qd2 Nb3 21. Qe3 Na5 22. d5
Rfe8 23. b4 Qc7 24. Rd3 Nc4 25. Nxc4 bxc4 26. Rd4 Qb6 27. Rxc4 Qxe3 28. Bxe3 a5
29. bxa5 Nd7 30. Rb1 Ba8 31. Na4 Bxd5 32. Rxc8 Rxc8 33. Nb6 Rb8 34. Nxd5 Rxb1
35. a6 Ra1 36. a7 Rxa3 37. Nc7 1-0

[Event "Moscow Open F 2013"]
[Site "Moscow RUS"]
[Date "2013.02.03"]
[Round "2.2"]
[White "Hovhannisyan, Robert"]
[Black "Belous, Vladimir"]
[Result "0-1"]
[WhiteTitle "GM"]
[BlackTitle "IM"]
[WhiteElo "2630"]
[BlackElo "2553"]
[WhiteFideId "13302507"]
[BlackFideId "4174003"]
[EventDate "2013.02.02"]

1. e4 e5 2. Nf3 Nf6 3. Nc3 Nc6 4. d4 Bb4 5. Nxe5 Qe7 6. Qd3 Nxe5 7. dxe5 Qxe5 8.
Bd2 O-O 9. O-O-O Bxc3 10. Bxc3 Qf4+ 11. Bd2 Qxe4 12. Qg3 d6 13. Bd3 Qg4 14. f3
Qxg3 15. hxg3 h6 16. g4 Re8 17. g5 hxg5 18. Bxg5 Be6 19. Rh4 Kf8 20. f4 Ng8 21.
f5 Bd5 22. Rg4 Nf6 23. Rh1 Re1+ 24. Rxe1 Nxg4 25. Rh1 Kg8 26. Rh4 Ne5 27. f6
Nxd3+ 28. cxd3 Bxa2 29. Bd2 gxf6 30. Bc3 Kg7 31. Rg4+ Kf8 32. Bxf6 Rc8 33. Rg5
c5 34. d4 Ke8 35. Rg8+ Kd7 36. Rxc8 Kxc8 37. dxc5 dxc5 38. Kd2 Kd7 39. Kc3 Kc6
40. b4 b6 41. bxc5 Kxc5 42. g3 Kd5 43. Bd8 Bc4 44. Bg5 Be2 45. Bd8 Kc5 46. Be7+
Kb5 47. Bg5 Ka4 48. Be3 Ka5 49. Bd2 Bg4 50. Kb3+ Kb5 51. Bg5 Be6+ 52. Kc3 Ka5
53. Bd2 a6 54. Bg5 Ka4 55. Kd4 a5 56. Bf6 b5 57. Kc5 b4 58. Bg5 Kb3 0-1

[Event "Moscow Open F 2013"]
[Site "Moscow RUS"]
[Date "2013.02.03"]
[Round "2.3"]
[White "Stukopin, Andrey"]
[Black "Shimanov, Aleksandr"]
[Result "1/2-1/2"]
[WhiteTitle "IM"]
[BlackTitle "GM"]
[WhiteElo "2495"]
[BlackElo "2640"]
[WhiteFideId "24107131"]
[BlackFideId "4198603"]
[EventDate "2013.02.02"]

1. e4 e6 2. d4 d5 3. Nc3 Nf6 4. e5 Nfd7 5. f4 c5 6. Nf3 Nc6 7. Be3 a6 8. Qd2 b5
9. dxc5 Bxc5 10. Bxc5 Nxc5 11. Qf2 Qb6 12. Bd3 b4 13. Ne2 a5 14. O-O Ba6 15.
Rad1 Na4 16. Qxb6 Nxb6 17. b3 Ke7 18. Ned4 Nxd4 19. Nxd4 g6 20. Bxa6 Rxa6 21. a3
bxa3 22. Ra1 Rha8 23. Rxa3 Nd7 24. Rfa1 Nb8 25. Kf2 Nc6 26. Ke3 Rc8 27. c3 1/2-1/2

[Event "Moscow Open F 2013"]
[Site "Moscow RUS"]
[Date "2013.02.04"]
[Round "3.2"]
[White "Mozharov, Mikhail"]
[Black "Eliseev, Urii"]
[Result "1/2-1/2"]
[WhiteTitle "IM"]
[BlackTitle "IM"]
[WhiteElo "2510"]
[BlackElo "2525"]
[WhiteFideId "4189825"]
[BlackFideId "24131920"]
[EventDate "2013.02.02"]

1. Nf3 Nf6 2. c4 g6 3. Nc3 d5 4. cxd5 Nxd5 5. Qa4+ Bd7 6. Qh4 Nxc3 7. dxc3 Nc6
8. Bf4 f6 9. Bh6 e5 10. Bxf8 Kxf8 11. Qh6+ Kf7 12. e4 Be6 13. Be2 Qf8 14. Qe3
Kg7 15. O-O Qe7 16. Rfd1 Rhd8 17. Nd2 Rd6 18. Nc4 Rxd1+ 19. Rxd1 Rd8 20. Rxd8
Qxd8 21. h3 b6 22. a3 Ne7 1/2-1/2

[Event "Moscow Open F 2013"]
[Site "Moscow RUS"]
[Date "2013.02.04"]
[Round "3.3"]
[White "Shimanov, Aleksandr"]
[Black "Krejci, Jan2"]
[Result "1/2-1/2"]
[WhiteTitle "GM"]
[BlackTitle "GM"]
[WhiteElo "2640"]
[BlackElo "2529"]
[WhiteFideId "4198603"]
[BlackFideId "322156"]
[EventDate "2013.02.02"]

1. c4 Nf6 2. Nf3 c6 3. g3 d5 4. Bg2 dxc4 5. O-O Nbd7 6. Qc2 Nb6 7. a4 a5 8. Na3
Be6 9. Ng5 Qd7 10. Rb1 Bf5 11. e4 Bg6 12. Nxc4 Nxc4 13. Qxc4 h6 14. Nh3 Bxe4 15.
Bxe4 Nxe4 16. Qxe4 Qxh3 17. b4 axb4 18. Qxb4 Qd7 19. Qxb7 Qxb7 20. Rxb7 Rxa4 21.
Rb8+ Kd7 22. Bb2 f6 23. Bc3 g5 24. Rfb1 Ra7 25. g4 Ra4 26. h3 h5 27. f3 hxg4 28.
hxg4 Ra7 29. Kg2 Ke6 30. Rc8 Bg7 31. Rxc6+ Kf7 1/2-1/2

[Event "Moscow Open F 2013"]
[Site "Moscow RUS"]
[Date "2013.02.04"]
[Round "3.5"]
[White "Sethuraman, S.P."]
[Black "Hovhannisyan, Robert"]
[Result "1/2-1/2"]
[WhiteTitle "GM"]
[BlackTitle "GM"]
[WhiteElo "2538"]
[BlackElo "2630"]
[WhiteFideId "5021596"]
[BlackFideId "13302507"]
[EventDate "2013.02.02"]

1. Nf3 Nf6 2. c4 d6 3. d4 g6 4. Nc3 Bf5 5. h3 Bg7 6. g4 Bd7 7. e4 O-O 8. Be3 c5
9. dxc5 Bc6 10. Qc2 dxc5 11. Bg2 Na6 12. a3 Nd7 13. O-O Nc7 14. Rad1 Ne6 15. b4
b6 16. Nd5 Re8 17. e5 Qc8 18. Qe4 cxb4 19. axb4 Rb8 20. Nd4 Ba8 21. f4 Qxc4 22.
Nxe6 Qxe4 23. Bxe4 fxe6 24. Nc7 Bxe4 25. Nxe8 Rb7 26. Rc1 Kf7 27. Nc7 a5 28.
Rfd1 Nf8 29. Rd4 Bd5 30. Nxd5 exd5 31. Rxd5 axb4 32. Rb5 Ra7 33. Rxb6 Ra3 34.
Kf2 g5 35. Rc4 b3 36. Re4 gxf4 37. Rxf4+ Kg8 38. Rb8 b2 39. Bd4 Ra8 40. Rxb2 Ne6
41. Be3 1/2-1/2

[Event "Moscow Open F 2013"]
[Site "Moscow RUS"]
[Date "2013.02.05"]
[Round "4.1"]
[Board "16"]
[White "Reshetnikov, Alexey"]
[Black "Hovhannisyan, Robert"]
[Result "1/2-1/2"]
[WhiteTitle "IM"]
[BlackTitle "GM"]
[WhiteElo "2508"]
[BlackElo "2630"]
[WhiteFideId "4162080"]
[BlackFideId "13302507"]
[EventDate "2013.02.02"]

1. e4 e5 2. Nf3 Nc6 3. Bb5 Nf6 4. Qe2 Bc5 5. c3 O-O 6. O-O d6 7. d3 h6 8. Be3
Bb6 9. Nbd2 Ne7 10. Bxb6 axb6 11. d4 Ng6 12. dxe5 dxe5 13. g3 Qe7 14. Rfd1 Rd8
15. Bc4 c6 16. Bb3 b5 17. Nf1 Bh3 18. a3 Nf8 19. Rxd8 Rxd8 20. Rd1 Rxd1 21. Bxd1
N8d7 22. N1d2 Bg4 23. Bc2 Nb6 24. Qe3 Nfd7 25. Ne1 Qd6 26. f3 Be6 27. Nd3 f6 28.
Kf2 Kf8 29. Ke1 Ke7 30. Kf2 Bc4 31. b4 Bxd3 32. Qxd3 Qxd3 33. Bxd3 Na4 34. c4
bxc4 35. Nxc4 b5 36. Ne3 g6 37. f4 Nc3 38. Ke1 exf4 39. gxf4 Nf8 40. Kd2 Na4 41.
Bc2 Nb6 42. Kc3 Nc8 43. a4 bxa4 44. Bxa4 Na7 45. Kc4 Nd7 46. Kd4 Nb6 47. Bb3
Nb5+ 48. Kd3 Nc7 49. Kd4 Nb5+ 50. Kd3 Nc7 51. Kd4 1/2-1/2

[Event "Moscow Open F 2013"]
[Site "Moscow RUS"]
[Date "2013.02.05"]
[Round "4.3"]
[Board "18"]
[White "Krejci, Jan2"]
[Black "Belous, Vladimir"]
[Result "1/2-1/2"]
[WhiteTitle "GM"]
[BlackTitle "IM"]
[WhiteElo "2529"]
[BlackElo "2553"]
[WhiteFideId "322156"]
[BlackFideId "4174003"]
[EventDate "2013.02.02"]

1. d4 Nf6 2. c4 d6 3. Nf3 Nbd7 4. g3 e5 5. Bg2 g6 6. O-O Bg7 7. Nc3 O-O 8. e4
Re8 9. d5 Nc5 10. b3 a5 11. Ne1 Nfd7 12. Rb1 f5 13. f3 Nf6 14. Be3 fxe4 15. fxe4
Ng4 16. Bxc5 dxc5 17. Qe2 Bh6 18. h3 Nf6 19. Nd3 Qe7 20. Kh2 Rf8 21. Nb5 b6 22.
Qb2 Bg7 23. a4 Ba6 24. Qd2 Rf7 25. Nc3 Raf8 26. Rf2 Bc8 27. Rbf1 Bd7 28. Qe3 h5
29. Kh1 Kh7 30. Nb5 Ne8 31. Rxf7 Rxf7 32. Rxf7 Qxf7 33. Kh2 Qe7 34. Qf2 Kg8 35.
Nc3 Nf6 36. Qe3 Kh7 37. Qf2 Bh6 38. Nb5 h4 39. Bf3 Bxb5 40. cxb5 hxg3+ 41. Qxg3
Bg7 42. Qh4+ 1/2-1/2

[Event "Moscow Open F 2013"]
[Site "Moscow RUS"]
[Date "2013.02.05"]
[Round "4.5"]
[Board "20"]
[White "Firat, Burak"]
[Black "Mozharov, Mikhail"]
[Result "1-0"]
[WhiteTitle "IM"]
[BlackTitle "IM"]
[WhiteElo "2406"]
[BlackElo "2510"]
[WhiteFideId "6305881"]
[BlackFideId "4189825"]
[EventDate "2013.02.02"]

1. e4 e5 2. Nf3 Nc6 3. Bb5 a6 4. Ba4 Nf6 5. O-O Be7 6. Re1 b5 7. Bb3 d6 8. c3
O-O 9. h3 Nb8 10. d4 Nbd7 11. Nbd2 Bb7 12. Bc2 Re8 13. b4 Bf8 14. Bb2 Qb8 15.
Rb1 a5 16. a3 Nb6 17. Bd3 c6 18. c4 axb4 19. axb4 bxc4 20. Nxc4 Nxc4 21. Bxc4 d5
22. exd5 cxd5 23. Bb5 e4 24. Bxe8 exf3 25. Bb5 fxg2 26. Re3 Ne4 27. Rc1 g6 28.
Rc2 Qd6 29. Bd3 Ng5 30. b5 Ne6 31. Kxg2 Bh6 32. Re1 Bg7 33. Bf1 h5 34. Kh1 Bc8
35. Re3 Bd7 36. Rb3 Ra4 37. b6 Ra8 38. b7 Rb8 39. Qc1 Kh7 40. Ba3 1-0

[Event "Moscow Open F 2013"]
[Site "Moscow RUS"]
[Date "2013.02.06"]
[Round "5.2"]
[Board "17"]
[White "Shimanov, Aleksandr"]
[Black "Firat, Burak"]
[Result "1-0"]
[WhiteTitle "GM"]
[BlackTitle "IM"]
[WhiteElo "2640"]
[BlackElo "2406"]
[WhiteFideId "4198603"]
[BlackFideId "6305881"]
[EventDate "2013.02.02"]

1. g3 Nf6 2. Bg2 e5 3. c4 h6 4. Nc3 Bb4 5. e4 Bxc3 6. bxc3 O-O 7. d3 Re8 8. Ne2
c6 9. O-O d5 10. cxd5 cxd5 11. exd5 Nxd5 12. Qb3 Nb6 13. c4 Nc6 14. Be3 Bg4 15.
Rfe1 Re7 16. a4 Bxe2 17. Rxe2 Nd4 18. Bxd4 Qxd4 19. Rae1 Rae8 20. a5 Nd7 21.
Qxb7 Nc5 22. Qd5 Qxd5 23. cxd5 Nxd3 24. Rd1 e4 25. d6 Re6 26. d7 Rd8 27. Bh3 1-0

[Event "Moscow Open F 2013"]
[Site "Moscow RUS"]
[Date "2013.02.06"]
[Round "5.3"]
[Board "18"]
[White "Belous, Vladimir"]
[Black "Eliseev, Urii"]
[Result "1-0"]
[WhiteTitle "IM"]
[BlackTitle "IM"]
[WhiteElo "2553"]
[BlackElo "2525"]
[WhiteFideId "4174003"]
[BlackFideId "24131920"]
[EventDate "2013.02.02"]

1. e4 e5 2. Nf3 Nf6 3. d4 Nxe4 4. Bd3 Nc6 5. dxe5 d5 6. O-O Nc5 7. Nc3 Be7 8.
Bb5 a6 9. Bxc6+ bxc6 10. Nd4 Bd7 11. f4 f5 12. b4 Ne6 13. Nxf5 Bxb4 14. Ne2 O-O
15. Nfg3 g6 16. f5 gxf5 17. Bh6 Rf7 18. Rxf5 Qh4 19. Rxf7 Kxf7 20. Nf5 Qh5 21.
Qf1 Kg8 22. Kh1 Kh8 23. Rb1 Bf8 24. Be3 Qg6 25. Neg3 Ng7 26. Nh4 Qe6 27. Nf3 Be7
28. Rb7 Rc8 29. Qxa6 c5 30. Qa7 Qc6 31. Bg5 Bf8 32. Rb8 Kg8 33. Bf6 Ne6 34. Nf5
Nf4 35. Ne3 d4 36. Nc4 Bh3 37. Rxc8 Bxg2+ 38. Kg1 Bxf3 39. Kf2 Bg4 40. Qa8 1-0

[Event "Moscow Open F 2013"]
[Site "Moscow RUS"]
[Date "2013.02.06"]
[Round "5.5"]
[Board "20"]
[White "Hovhannisyan, Robert"]
[Black "Stukopin, Andrey"]
[Result "1-0"]
[WhiteTitle "GM"]
[BlackTitle "IM"]
[WhiteElo "2630"]
[BlackElo "2495"]
[WhiteFideId "13302507"]
[BlackFideId "24107131"]
[EventDate "2013.02.02"]

1. e4 e5 2. Nf3 Nc6 3. Bb5 a6 4. Ba4 Nf6 5. O-O Be7 6. Re1 b5 7. Bb3 d6 8. c3
O-O 9. h3 Na5 10. Bc2 c5 11. d4 Qc7 12. d5 g6 13. b3 Nh5 14. Nbd2 Bd7 15. Nf1
Nb7 16. Bh6 Ng7 17. Qd2 c4 18. b4 a5 19. a3 Ra6 20. g4 Rfa8 21. Rac1 axb4 22.
axb4 Ra2 23. Ng3 Nd8 24. Kh2 f6 25. Rg1 Nf7 26. Be3 Kh8 27. Rg2 Qd8 28. Rcg1 Ng5
29. Nxg5 fxg5 30. Kh1 Qf8 31. Nf1 Qf3 32. Nh2 Qf8 33. Rg3 Ne8 34. Qc1 h6 35. Rf3
Qg8 36. Nf1 Nf6 37. Nh2 Nh7 38. Kg2 Rf8 39. Rxf8 Qxf8 40. Nf3 Qa8 41. Bb1 Ra1
42. Ne1 Bd8 43. Nc2 Ra6 44. Rh1 Kg7 45. f3 Bb6 46. Bd2 Qd8 47. Be1 Qf6 48. Bg3
Nf8 49. Rd1 Be8 50. Rd2 Nd7 51. Re2 Qd8 52. Ne1 Qa8 53. Rb2 Ra3 54. Qd2 Qa7 55.
Ra2 Rxa2 56. Bxa2 Be3 57. Qe2 Bc1 58. Bb1 Qa3 59. Bf2 Qxc3 60. Qc2 Qa3 61. h4
Bf4 62. hxg5 hxg5 63. Qa2 Qxb4 64. Kf1 Bc1 65. Qa8 Kf7 66. Bc2 Bb2 67. Qb7 Bd4
68. Bxd4 exd4 69. e5 dxe5 70. Qc6 Kg7 71. Bxg6 Qe7 72. d6 Nf6 73. Bxe8 Qd8 74.
Qc7+ 1-0

[Event "Moscow Open F 2013"]
[Site "Moscow RUS"]
[Date "2013.02.07"]
[Round "6.1"]
[White "Reshetnikov, Alexey"]
[Black "Stukopin, Andrey"]
[Result "1/2-1/2"]
[WhiteTitle "IM"]
[BlackTitle "IM"]
[WhiteElo "2508"]
[BlackElo "2495"]
[WhiteFideId "4162080"]
[BlackFideId "24107131"]
[EventDate "2013.02.02"]

1. c4 e5 2. g3 Nf6 3. Bg2 Bc5 4. Nc3 O-O 5. Nf3 Nc6 6. Nxe5 Bxf2+ 7. Kxf2 Nxe5
8. b3 Nfg4+ 9. Kg1 c6 10. h3 Nf6 11. d4 Ng6 12. e4 d6 13. Kh2 h6 14. Rf1 b6 15.
e5 dxe5 16. Ba3 Re8 17. Bxc6 Bxh3 18. Rxf6 Qxf6 19. Bxe8 Rxe8 20. Kxh3 exd4 21.
Nd5 Qf5+ 22. Qg4 Qf2 23. Nf4 h5 24. Qg5 Re5 25. Nd3 Qe2 26. Nxe5 Nxe5 27. Rh1
Nf3 28. Qe7 Qf2 29. Qe8+ Kh7 30. Qe4+ Kh6 31. Qf4+ Kg6 32. Qe4+ Kh6 33. Qf4+ Kg6
34. Bc1 f6 35. Qe4+ Kf7 36. Qd5+ Kg6 37. Qe4+ Kf7 38. Qb7+ Kg6 39. Qd7 Qe2 40.
b4 Ne1 41. Rg1 Nf3 42. Rh1 Ne1 43. Rg1 1/2-1/2

[Event "Moscow Open F 2013"]
[Site "Moscow RUS"]
[Date "2013.02.07"]
[Round "6.2"]
[White "Krejci, Jan2"]
[Black "Hovhannisyan, Robert"]
[Result "0-1"]
[WhiteTitle "GM"]
[BlackTitle "GM"]
[WhiteElo "2529"]
[BlackElo "2630"]
[WhiteFideId "322156"]
[BlackFideId "13302507"]
[EventDate "2013.02.02"]

1. d4 d5 2. c4 c6 3. Nc3 Nf6 4. Nf3 e6 5. Bg5 h6 6. Bxf6 Qxf6 7. e3 g6 8. Bd3
Bg7 9. O-O O-O 10. Ne5 dxc4 11. Bxc4 c5 12. Rc1 cxd4 13. exd4 Rd8 14. Re1 Nc6
15. Qa4 Rxd4 16. Nxc6 Bd7 17. Nxd4 Bxa4 18. Nxe6 Bc6 19. Nc7 Rd8 20. N7d5 Bxd5
21. Bxd5 Qb6 22. Bb3 Bd4 23. Re7 Bxf2+ 24. Kh1 Rf8 25. Rf1 Kh8 26. h3 a5 27. Na4
Qd6 28. Rxb7 Qa6 29. Rxf2 Qxb7 30. Nc3 Kg7 31. Bd5 Qb6 32. Re2 Rd8 33. a4 Qf6
34. Bf3 Qf4 35. Re1 Rd2 36. Re7 Rxb2 37. Bd5 Rc2 0-1

[Event "Moscow Open F 2013"]
[Site "Moscow RUS"]
[Date "2013.02.07"]
[Round "6.5"]
[White "Mozharov, Mikhail"]
[Black "Shimanov, Aleksandr"]
[Result "1/2-1/2"]
[WhiteTitle "IM"]
[BlackTitle "GM"]
[WhiteElo "2510"]
[BlackElo "2640"]
[WhiteFideId "4189825"]
[BlackFideId "4198603"]
[EventDate "2013.02.02"]

1. e4 e6 2. d4 d5 3. Nc3 Bb4 4. exd5 exd5 5. Bd3 Nc6 6. Ne2 Nge7 7. O-O Bf5 8.
Bf4 O-O 9. Nb5 Ba5 10. c3 Qd7 11. Na3 Nd8 12. Nc2 Ne6 13. Bg3 c6 14. Nc1 Bg6 15.
Bxg6 Nxg6 16. Nd3 f5 17. Ne5 Qe8 18. Nxg6 Qxg6 19. Be5 f4 20. Ne1 Rae8 21. f3
Bb6 22. Nd3 Rf5 23. Qd2 Qf7 1/2-1/2

[Event "Moscow Open F 2013"]
[Site "Moscow RUS"]
[Date "2013.02.08"]
[Round "7.1"]
[Board "16"]
[White "Shimanov, Aleksandr"]
[Black "Reshetnikov, Alexey"]
[Result "1/2-1/2"]
[WhiteTitle "GM"]
[BlackTitle "IM"]
[WhiteElo "2640"]
[BlackElo "2508"]
[WhiteFideId "4198603"]
[BlackFideId "4162080"]
[EventDate "2013.02.02"]

1. d4 d5 2. c4 c6 3. e3 Bf5 4. Nc3 e6 5. g4 Bg6 6. Nge2 Bd6 7. Qb3 Qc7 8. Bg2
Nd7 9. e4 dxe4 10. Nxe4 Bxe4 11. Bxe4 e5 12. Bf3 exd4 13. Nxd4 Ne7 14. Be3 O-O-O
15. O-O-O Nc5 16. Qc3 Bf4 17. Kb1 Bxe3 18. Qxe3 Na6 19. Rhe1 Ng6 20. Nf5 f6 21.
Qxa7 Ne5 22. c5 Nxc5 23. Bxc6 Nxc6 24. Qxc5 Rxd1+ 25. Rxd1 Rd8 26. Re1 Kb8 27.
h3 g6 28. Ne3 Qf4 29. a3 Qf3 30. Qc3 Qxf2 31. Rf1 Qd2 32. Qxd2 Rxd2 33. Rxf6 Rh2
34. Nc4 Rxh3 35. Rf7 h5 36. gxh5 gxh5 37. Nd6 Rb3 38. Rh7 Rb6 39. Rxh5 Ne7 40.
Nb5 Kc8 41. a4 Rf6 42. Rh8+ Kd7 43. Ka2 Kc6 44. Rh7 Nd5 45. Nd4+ Kb6 46. Ka3 Ne3
47. b3 Nf5 48. Nf3 Nd6 49. Ne5 Re6 50. Rh5 Ka6 51. Nd7 Rg6 52. b4 Rg3+ 53. Ka2
b6 54. Rh6 Nc4 55. Nxb6 Ra3+ 56. Kb1 Nxb6 57. a5 Rb3+ 58. Ka2 Rxb4 59. Rxb6+
Rxb6 60. axb6 Kxb6 1/2-1/2

[Event "Moscow Open F 2013"]
[Site "Moscow RUS"]
[Date "2013.02.08"]
[Round "7.2"]
[Board "17"]
[White "Belous, Vladimir"]
[Black "Mozharov, Mikhail"]
[Result "0-1"]
[WhiteTitle "IM"]
[BlackTitle "IM"]
[WhiteElo "2553"]
[BlackElo "2510"]
[WhiteFideId "4174003"]
[BlackFideId "4189825"]
[EventDate "2013.02.02"]

1. Nf3 Nf6 2. c4 b6 3. g3 Bb7 4. Bg2 c5 5. O-O e6 6. Nc3 Be7 7. Re1 d6 8. e4 a6
9. d4 cxd4 10. Nxd4 Qc7 11. Be3 O-O 12. Rc1 Nbd7 13. f4 Rac8 14. g4 Nc5 15. Bf2
g6 16. b4 Ncd7 17. e5 dxe5 18. fxe5 Nxe5 19. Bxb7 Nexg4 20. Qf3 Qxh2+ 21. Kf1
Rxc4 22. Nd5 exd5 23. Rxc4 dxc4 24. Rxe7 Qd6 0-1

[Event "Moscow Open F 2013"]
[Site "Moscow RUS"]
[Date "2013.02.08"]
[Round "7.3"]
[Board "18"]
[White "Sethuraman, S.P."]
[Black "Firat, Burak"]
[Result "1-0"]
[WhiteTitle "GM"]
[BlackTitle "IM"]
[WhiteElo "2538"]
[BlackElo "2406"]
[WhiteFideId "5021596"]
[BlackFideId "6305881"]
[EventDate "2013.02.02"]

1. Nf3 Nf6 2. g3 g6 3. Bg2 Bg7 4. O-O O-O 5. d3 d5 6. Nbd2 Re8 7. e4 e5 8. c3 c6
9. Re1 Nbd7 10. Qc2 dxe4 11. Nxe4 Nxe4 12. dxe4 Nc5 13. Be3 Ne6 14. a4 Qc7 15.
a5 Bd7 16. Red1 c5 17. Bf1 Rac8 18. Bc4 Nd4 19. cxd4 cxd4 20. Rdc1 Be6 21. Bxe6
Qxc2 22. Rxc2 Rxc2 23. Bd7 Rd8 24. Ba4 Rxb2 25. Bc1 Rb4 26. Bd2 Rc4 27. Bb3 Rc7
28. Bd5 h6 29. Rb1 Rdd7 30. Kf1 Kh7 31. Ne1 h5 32. Nd3 f6 33. Ke2 Bh6 34. f4
exf4 35. gxf4 g5 36. Be6 Rd6 37. Bf5+ Kh8 38. e5 fxe5 39. fxe5 Rdc6 40. Be4 Re6
41. Bxb7 Rce7 42. Kd1 g4 43. Bd5 Rxe5 44. Nxe5 Rxe5 45. Rb8+ Kg7 46. Rb7+ Kf6
47. Bxh6 Rxd5 48. Rxa7 h4 49. Bf4 Rf5 50. Bc7 Rf2 51. Ra8 Ra2 52. a6 g3 53. hxg3
h3 54. g4 Kg7 55. a7 Kh7 56. Be5 h2 57. Bxh2 1-0

[Event "Moscow Open F 2013"]
[Site "Moscow RUS"]
[Date "2013.02.09"]
[Round "8.3"]
[Board "18"]
[White "Firat, Burak"]
[Black "Hovhannisyan, Robert"]
[Result "1-0"]
[WhiteTitle "IM"]
[BlackTitle "GM"]
[WhiteElo "2406"]
[BlackElo "2630"]
[WhiteFideId "6305881"]
[BlackFideId "13302507"]
[EventDate "2013.02.02"]

1. e4 c6 2. d4 d5 3. Nc3 dxe4 4. Nxe4 Nd7 5. Ng5 h6 6. Ne6 Qb6 7. Nxf8 Nxf8 8.
Nf3 Bf5 9. Be2 Nf6 10. O-O Ng6 11. Re1 O-O 12. c3 Rad8 13. Bf1 Qc7 14. Qa4 a5
15. Ne5 b5 16. Qa3 Nxe5 17. dxe5 Ne4 18. c4 bxc4 19. Qe3 Ng5 20. Bxc4 Ne6 21.
Qg3 Rd4 22. b3 Rg4 23. Qc3 c5 24. f3 Rg6 25. Be3 h5 26. Rad1 h4 27. Kf2 Qb7 28.
Bd5 Qb8 29. Bc4 Qb7 30. Rg1 Nd4 31. Bxd4 cxd4 32. Qxd4 Be6 33. Bd3 Rh6 34. Rge1
g6 35. Be4 Qb8 36. Qc5 a4 37. bxa4 Bxa2 38. a5 Rh5 39. f4 Qb2+ 40. Re2 Qb3 41.
Ra1 Qc4 42. Qxc4 Bxc4 43. a6 g5 44. Bf3 Rh6 45. a7 Bxe2 46. Kxe2 gxf4 47. a8=Q
Rxa8 48. Rxa8+ Kg7 49. h3 Re6 50. Ra5 f6 51. Bg4 Rb6 52. Kf3 1-0

[Event "Moscow Open F 2013"]
[Site "Moscow RUS"]
[Date "2013.02.10"]
[Round "9.2"]
[Board "17"]
[White "Sethuraman, S.P."]
[Black "Shimanov, Aleksandr"]
[Result "1-0"]
[WhiteTitle "GM"]
[BlackTitle "GM"]
[WhiteElo "2538"]
[BlackElo "2640"]
[WhiteFideId "5021596"]
[BlackFideId "4198603"]
[EventDate "2013.02.02"]

1. d4 Nf6 2. c4 e6 3. Nf3 d5 4. g3 dxc4 5. Bg2 a6 6. O-O Nc6 7. e3 Bd7 8. Qe2
Bd6 9. Nfd2 b5 10. b3 cxb3 11. Nxb3 e5 12. Bb2 exd4 13. Rc1 d3 14. Qxd3 Ne5 15.
Qe2 Bg4 16. f3 Be6 17. N1d2 Nc4 18. Nxc4 Bxc4 19. Qf2 c5 20. e4 Be7 21. e5 Nd7
22. f4 Rc8 23. f5 Qb6 24. Rd1 f6 25. Nd2 Bd3 26. e6 Nb8 27. Nb3 Bc4 28. Be4 b4
29. Rac1 Bxb3 30. axb3 O-O 31. g4 Rcd8 32. Bd5 Nc6 33. Rd3 Nd4 34. Bc4 Rd6 35.
Rh3 Qc6 36. Re1 h6 37. Bc1 Kh7 38. Bd3 c4 39. Be4 Qc5 40. Be3 Kg8 41. Qh4 Bd8
42. Qh5 cxb3 43. Qg6 Qc3 44. Kf1 Kh8 45. Rh5 Nc2 46. Bxc2 Qc4+ 47. Re2 bxc2 48.
Bxh6 Rd1+ 49. Kf2 Rf1+ 50. Kxf1 1-0

[Event "Moscow Open F 2013"]
[Site "Moscow RUS"]
[Date "2013.02.10"]
[Round "9.3"]
[Board "18"]
[White "Hovhannisyan, Robert"]
[Black "Mozharov, Mikhail"]
[Result "1/2-1/2"]
[WhiteTitle "GM"]
[BlackTitle "IM"]
[WhiteElo "2630"]
[BlackElo "2510"]
[WhiteFideId "13302507"]
[BlackFideId "4189825"]
[EventDate "2013.02.02"]

1. e4 c5 2. Nf3 e6 3. g3 a6 4. Bg2 b5 5. O-O Bb7 6. Re1 d6 7. d4 cxd4 8. Nxd4
Nd7 9. a4 bxa4 10. Rxa4 Nb6 11. Ra3 Nf6 12. e5 dxe5 13. Bxb7 Bxa3 14. Bc6+ Nbd7
15. Nf3 Bc5 16. Bxa8 1/2-1/2

[Event "Moscow Open F 2013"]
[Site "Moscow RUS"]
[Date "2013.02.10"]
[Round "9.4"]
[Board "19"]
[White "Stukopin, Andrey"]
[Black "Firat, Burak"]
[Result "1/2-1/2"]
[WhiteTitle "IM"]
[BlackTitle "IM"]
[WhiteElo "2495"]
[BlackElo "2406"]
[WhiteFideId "24107131"]
[BlackFideId "6305881"]
[EventDate "2013.02.02"]

1. e4 e6 2. d4 d5 3. Nc3 Nf6 4. Bg5 Be7 5. e5 Nfd7 6. Bxe7 Qxe7 7. Nb5 Nb6 8. c3
a6 9. Na3 Bd7 10. f4 Nc6 11. Nf3 f6 12. Bd3 fxe5 13. fxe5 O-O-O 14. O-O g5 15.
Nc2 Qg7 16. a4 Be8 17. b4 Ne7 18. a5 Nc4 19. Bxc4 dxc4 20. Ne3 g4 21. Nd2 g3 22.
h3 Qg5 23. Qe2 Bh5 24. Nf3 Qh6 25. Qd2 Ng6 26. Rae1 Nf4 27. Ng4 Bxg4 28. hxg4
Qf8 29. Ng5 Qh6 30. Nf3 Qf8 31. Ng5 Qh6 32. Nf3 1/2-1/2